LEADER 01433nam 2200361 n 450 001 996389765703316 005 20200818224308.0 035 $a(CKB)4940000000101169 035 $a(EEBO)2240928241 035 $a(UnM)99837101e 035 $a(UnM)99837101 035 $a(EXLCZ)994940000000101169 100 $a19900927d1584 uy | 101 0 $aeng 135 $aurbn||||a|bb| 200 00$aPeters fall$b[electronic resource] $eTwo sermons vpon the historie of Peters denying Christ. Wherin we may see the causes of mans falling from God, and the manner how, both of the wicked thorough incredulitie, and of the godly by infirmitie: and also the way that God hath set downe in his worde to rise againe. By Iohn Vdall, preacher of the word of God at Kingston vpon Temmes 210 $aPrinted at London $cBy Iohn Windes, and Thomas Iudson for Nicholas Lyng$dAnno. 1584 215 $a[52] leaves 300 $aSignatures: A-F G?. 300 $aOn Matt. xxvi.345.72-4 and Luke xxii.54-8, #60-2.--STC. 300 $aReproduction of original in the Folger Shakespeare Library. 330 $aeebo-0055 606 $aSermons, English$y16th century 615 0$aSermons, English 700 $aUdall$b John$f1560?-1592.$01003950 801 0$bCu-RivES 801 1$bCu-RivES 801 2$bCStRLIN 801 2$bWaOLN 906 $aBOOK 912 $a996389765703316 996 $aPeters fall$92315723 997 $aUNISA